00465 2200181 4500001002100000005001500021008004100036020001800077035001900095041000700114082001000121090001600131100001500147245003900162260004100201300002100242650002000263INLIS00000000002561520241224131953241224||||||||| | ||| |||| || |  a979-3084-77-4 0010-1224025615 aid0 a635.9 a635.9 SAR m0 aB. Sarwono00aMengenal & Membuat Anggrek Hibrida aJakartabPT. AgroMedia Pustakac2002 a105 hlm,;23,5 cm 0aAnggrek Hibrida